[Event "POL-ch U16"]
[Site "Jastrzebia Gora"]
[Date "2023.??.??"]
[Round "4"]
[White "Skrzypinski, Jan"]
[Black "Dziewonski, Dariusz"]
[Result "1/2-1/2"]
[WhiteElo "1688"]
[BlackElo "2237"]
[PlyCount "91"]
[EventDate "2023.03.11"]
[EventType "swiss"]
[EventRounds "9"]
[EventCountry "POL"]
[SourceTitle "CBM 213 Extra"]
[Source "ChessBase"]
[SourceDate "2023.05.31"]
[SourceVersion "1"]
[SourceVersionDate "2023.05.31"]
[SourceQuality "1"]

1. e4 e5 2. Nf3 Nc6 3. Bc4 Bc5 4. 0-0 Nf6 5. d4 exd4 6. e5 d5 7. exf6 dxc4 8. fxg7 Rg8 9. Bg5 Be7 10. Bxe7 Nxe7 11. Qxd4 Qxd4 12. Nxd4 Rxg7 13. Kh1 Bf5 14. Nxf5 Nxf5 15. Re1+ Kf8 16. Na3 Nd6 17. c3 Rg5 18. Nc2 Rb5 19. Rab1 Re8 20. Rxe8+ Kxe8 21. Kg1 Kf8 22. f3 Ra5 23. a3 Rd5 24. Kf1 Nf5 25. Ke2 Re5+ 26. Kf2 Rd5 27. Ke2 Re5+ 28. Kf2 Rb5 29. g4 Ne7 30. Ne3 Nd5 31. Nxd5 Rxd5 32. Re1 Kg7 33. Re2 Kf6 34. Kg3 b5 35. h4 h6 36. Kf4 c5 37. Kg3 a5 38. Kf4 Rd3 39. Re4 Rd2 40. a4 b4 41. Rxc4 Rxb2 42. Rxc5 bxc3 43. Rxc3 Rb4+ 44. Kg3 Rxa4 45. Rc6+ Kg7 46. Ra6 1/2-1/2

[Event "Trzcianka Dziedzic Memorial 12th"]
[Site "Trzcianka"]
[Date "2022.11.13"]
[Round "4"]
[White "Sabuk, Piotr"]
[Black "Skrzypinski, Jan"]
[Result "1-0"]
[WhiteElo "2426"]
[BlackElo "1490"]
[PlyCount "145"]
[EventDate "2022.11.13"]
[EventType "swiss (rapid)"]
[EventRounds "9"]
[EventCountry "POL"]
[SourceTitle "CBM 211 Extra"]
[Source "ChessBase"]
[SourceDate "2023.01.31"]
[SourceVersion "1"]
[SourceVersionDate "2023.01.31"]
[SourceQuality "1"]

1. d4 Nf6 2. c4 g6 3. Nc3 Bg7 4. e4 d6 5. Nf3 0-0 6. h3 e5 7. d5 Qe8 8. g4 h5 9. g5 Nfd7 10. Be3 a5 11. h4 Na6 12. Bh3 Ndc5 13. b3 a4 14. Kf1 Bxh3+ 15. Rxh3 axb3 16. axb3 Qd7 17. Rg3 Nb4 18. Bxc5 dxc5 19. Ne1 c6 20. dxc6 Qxd1 21. Rxd1 Nxc6 22. Na4 Rfd8 23. Rd5 Nd4 24. Nxc5 Rxd5 25. cxd5 b6 26. Nd7 Ra1 27. Rc3 b5 28. d6 Ra6 29. Rc8+ Kh7 30. Nf6+ Bxf6 31. d7 Rd6 32. gxf6 Rxd7 33. b4 Rd6 34. Rc5 Rxf6 35. Rxe5 Rc6 36. Rd5 Rc4 37. Nd3 Kg7 38. f4 Nf3 39. Kf2 Nd2 40. e5 Ne4+ 41. Ke3 Ng3 42. Rxb5 Nf5+ 43. Kd2 Nxh4 44. Rb7 Nf3+ 45. Ke3 Nd4 46. b5 Nf5+ 47. Kf3 Rc3 48. Ke2 Rb3 49. b6 h4 50. e6 Nd4+ 51. Kd2 Nxe6 52. Ne5 Nd8 53. Rd7 Rxb6 54. Rxd8 h3 55. Ke3 Rb3+ 56. Kf2 h2 57. Rd1 Kf6 58. Nf3 Rb2+ 59. Kg3 Kf5 60. Nxh2 f6 61. Rd5+ Ke4 62. Ra5 Rb3+ 63. Kg4 f5+ 64. Kg5 Rg3+ 65. Kh4 Rg2 66. Ra4+ Ke3 67. Nf1+ Kf3 68. Kh3 Rf2 69. Nh2+ Ke3 70. Kg3 Rc2 71. Nf3 Rc1 72. Ra6 g5 73. Re6+ 1-0

[Event "Polanica Zdroj op-D 58th"]
[Site "Polanica Zdroj"]
[Date "2022.08.21"]
[Round "9"]
[White "Pieczulis, Blazej"]
[Black "Skrzypinski, Jan"]
[Result "1-0"]
[WhiteElo "1720"]
[BlackElo "1517"]
[PlyCount "65"]
[EventDate "2022.08.13"]
[EventType "swiss"]
[EventRounds "9"]
[EventCountry "POL"]
[SourceTitle "CBM 210 Extra"]
[Source "ChessBase"]
[SourceDate "2022.11.30"]
[SourceVersion "1"]
[SourceVersionDate "2022.11.30"]
[SourceQuality "1"]

1. d4 d5 2. f4 e6 3. Nf3 f5 4. e3 Nf6 5. c4 c6 6. Nc3 Bd6 7. Bd3 0-0 8. 0-0 Nbd7 9. Ne5 Bxe5 10. fxe5 Ne4 11. Nxe4 dxe4 12. Be2 b6 13. b3 Qg5 14. a4 Rd8 15. Qc2 Bb7 16. Qc3 Rac8 17. c5 bxc5 18. dxc5 Qe7 19. Ba3 Nb8 20. b4 Na6 21. Rad1 Nc7 22. Bc4 g6 23. Rd6 Nd5 24. Bxd5 exd5 25. Bb2 Qg7 26. Qd2 h6 27. e6 Qh7 28. Qd4 a6 29. g4 Ba8 30. gxf5 gxf5 31. Rxf5 Rf8 32. Rd7 Rxf5 33. Rg7+ 1-0

[Event "POL-chT U20 2nd League"]
[Site "Sypniewo"]
[Date "2020.??.??"]
[Round "5.15"]
[White "Trzebinski, Patryk"]
[Black "Skrzypinski, Jan"]
[Result "0-1"]
[WhiteElo "1837"]
[BlackElo "1418"]
[PlyCount "70"]
[EventDate "2020.10.23"]
[EventType "team-swiss"]
[EventRounds "9"]
[EventCountry "POL"]
[SourceTitle "CBM 199 Extra"]
[Source "ChessBase"]
[SourceDate "2021.01.31"]
[SourceVersion "1"]
[SourceVersionDate "2021.01.31"]
[SourceQuality "1"]

1. e4 c5 2. Nf3 Nc6 3. c4 g6 4. d4 cxd4 5. Nxd4 Bg7 6. Be3 Nf6 7. Nc3 d6 8. f3 Bd7 9. Be2 a6 10. 0-0 0-0 11. Rc1 Rc8 12. Qd2 Nxd4 13. Bxd4 Bc6 14. Rfd1 Nd7 15. b4 b6 16. b5 axb5 17. Nxb5 Bxb5 18. Bxg7 Kxg7 19. Qb2+ Kg8 20. Qxb5 Rc5 21. Qb4 Qa8 22. Qb1 Rfc8 23. f4 Qa3 24. Bg4 e6 25. Qb3 Qa7 26. Rxd6 b5 27. Kh1 Rxc4 28. Rcd1 Nf6 29. Qb2 Qe7 30. Bf3 Nxe4 31. Bxe4 Rxe4 32. Qxb5 Qxd6 33. Qb1 Qxf4 34. Rf1 Qxf1+ 35. Qxf1 Rec4 0-1

[Event "POL-chT U20 2nd League"]
[Site "Sypniewo"]
[Date "2020.??.??"]
[Round "2.21"]
[White "Wieckowski, Michal"]
[Black "Skrzypinski, Jan"]
[Result "1/2-1/2"]
[WhiteElo "1494"]
[BlackElo "1418"]
[PlyCount "84"]
[EventDate "2020.10.23"]
[EventType "team-swiss"]
[EventRounds "9"]
[EventCountry "POL"]
[SourceTitle "CBM 199 Extra"]
[Source "ChessBase"]
[SourceDate "2021.01.31"]
[SourceVersion "1"]
[SourceVersionDate "2021.01.31"]
[SourceQuality "1"]

1. e4 c5 2. b3 Nc6 3. Nf3 e6 4. Bb2 d5 5. exd5 exd5 6. Bb5 Be6 7. Qe2 h6 8. 0-0 Nf6 9. Ne5 Rc8 10. f4 Be7 11. f5 Bd7 12. Nxd7 Qxd7 13. Bxf6 gxf6 14. Nc3 a6 15. Bxc6 Qxc6 16. Rae1 Rc7 17. Qf3 Rd7 18. Re2 Kd8 19. Rfe1 Bd6 20. g3 Rg8 21. Kh1 Be5 22. Nd1 d4 23. Qxc6 bxc6 24. Nb2 Rg5 25. Rf1 Kc7 26. Nc4 Rd5 27. Kg2 h5 28. Kh3 Bd6 29. Ref2 d3 30. c3 Be5 31. Rf3 Rg8 32. Re1 Rgd8 33. Kh4 Ra8 34. Nb2 Re8 35. Ree3 Red8 36. Rxd3 Bd6 37. Kh3 Be5 38. Kg2 Bd6 39. Nd1 Bf8 40. Nf2 Bh6 41. Rxd5 cxd5 42. Rd3 Kc6 1/2-1/2